01763nam a2200409 a 4500001001200000003000800012006001900020007001500039008004100054010001700095020003800112020003500150020001800185020002700203040002100230035002100251043001200272050003000284082002600314100002600340245012900366260004600495300001500541440005400556504005100610533015200661650005800813650005200871650005700923650006100980650006201041651006101103655002901164710001701193856012601210999001701336ebr10600461CaPaEBRm u cr cn|||||||||100525s2010 enk sb 001 0 eng d z 2010020550 z9783034301961 (pbk. : alk. paper) z3034301960 (pbk. : alk. paper) z9783034301961 z9783035300079 (e-book) aCaPaEBRcCaPaEBR a(OCoLC)815477170 an-cn-on14aF1059.5.T689bM335 2010eb04a305.891/8190135412221 aKostov, Chris,d1979-10aContested ethnic identityh[electronic resource] :bthe case of Macedonian immigrants in Toronto, 1900-1996 /cChris Kostov. aOxford ;aNew York :bPeter Lang,cc2010. avi, 318 p. 0aNationalisms across the globe,x1662-9116 ;vv. 7 aIncludes bibliographical references and index. aElectronic reproduction.bPalo Alto, Calif. :cebrary,d2011.nAvailable via World Wide Web.nAccess may be limited to ebrary affiliated libraries. 0aMacedonianszOntariozTorontoxHistoryy20th century. 0aMacedonianszOntariozTorontoxEthnic identity. 0aImmigrantszOntariozTorontoxHistoryy20th century. 0aCommunity lifezOntariozTorontoxHistoryy20th century. 0aEthnic conflictzOntariozTorontoxHistoryy20th century. 0aToronto (Ont.)xEthnic relationsxHistoryy20th century. 7aElectronic books.2local2 aebrary, Inc.40uhttp://site.ebrary.com/lib/rucke/Doc?id=10600461zAn electronic book accessible through the World Wide Web; click to view c98704d98704